00494nam a2200121Ia 4500008004100000020001300041040004400054100001900098245019400117260003300311300001000344700001800354180412s9999||||xx |||||||||||||| ||und|| a50300026 aAhmadu Bello University Library - Zaria aManturon, O.V. 2aA course of higher mathematic: linear algebra, analytic geometry, differential calculus of functions of one variablecO.V. Manturon and N.M Matveev; Translated from Russian by Leonid Levant bMIR Publishers; Moscowc1989 a461p. aMatveev, N.M.